| 000 -LEADER |
| fixed length control field |
00484nam a22001337a 4500 |
| 008 - FIXED-LENGTH DATA ELEMENTS--GENERAL INFORMATION |
| fixed length control field |
230102b ||||| |||| 00| 0 eng d |
| 100 ## - MAIN ENTRY--PERSONAL NAME |
| Personal name |
Paul, Biswajit and Sana, Ashish Kumar |
| 245 ## - TITLE STATEMENT |
| Title |
Does physical infrastructure investment facilitate resilient and sustainable proclivity in India? An empirical investigation |
| 260 ## - PUBLICATION, DISTRIBUTION, ETC. (IMPRINT) |
| Place of publication, distribution, etc |
Productivity |
| 300 ## - PHYSICAL DESCRIPTION |
| Extent |
63(1), Apr-Jun, 2022: p.11-20 |
| 773 ## - HOST ITEM ENTRY |
| Main entry heading |
Productivity |
| 906 ## - LOCAL DATA ELEMENT F, LDF (RLIN) |
| Subject DIP |
INFRASTRUCTURE DEVELOPMENT |
| 942 ## - ADDED ENTRY ELEMENTS (KOHA) |
| Item type |
Articles |